Crystallization and morphology of rubber (1995 reviews) (Record no. 56596)

MARC details
000 -LEADER
fixed length control field 00392nam a2200145Ia 4500
100 ## - MAIN ENTRY--AUTHOR NAME
Personal name Magill J H
245 #0 - TITLE STATEMENT
Title Crystallization and morphology of rubber (1995 reviews)
260 ## - PUBLICATION, DISTRIBUTION, ETC. (IMPRINT)
Name of publisher Rubber Chemistry and Technology
Year of publication 1995
300 ## - PHYSICAL DESCRIPTION
Number of Pages 507-539
650 ## - SUBJECT ADDED ENTRY--TOPICAL TERM
Topical Term 1995 reviews
650 ## - SUBJECT ADDED ENTRY--TOPICAL TERM
Topical Term Crystallization
650 ## - SUBJECT ADDED ENTRY--TOPICAL TERM
Topical Term Morphology
942 ## - ADDED ENTRY ELEMENTS (KOHA)
Koha item type Journals
Holdings
Withdrawn status Lost status Damaged status Not for loan Home library Current library Shelving location Date acquired Serial Enumeration / chronology Koha item type
      Journals RRII Library RRII Library Rubber chemistry 17/12/2021 Volume 68, Issue 3 Journals